00475 a2200169 450000100060000002000060000604000240001210000200003624000390005624500340009530000080012936200090013765000310014694200070017795201040018499900170028870191 a  cAnchieta - Itaigara aBarros, Fabiana10aO diário de Kalina Farfallalpor10aO diário de Kalina Farfalla a2540 a2014 4aLiteratura infanto-juvenil cBK 00104070a88.1b88.1d2023-11-21l0o028.5 BAR DIAp3387/ITAr2023-11-21 20:05:07w2023-11-21yBK c70191d70191